Fundamentálna analýza menového páru EURUSD z pohľadu menovej politiky bakalárska práca

Salvato in:
Dettagli Bibliografici
Autore principale: Lukovič, Daniel
Ente Autore: Národohospodárska fakulta EU. Katedra bankovníctva a medzinárodných financií
Altri autori: Širaňová, Mária
Natura: Libro
Lingua:slovacco
Pubblicazione: Bratislava 2017
Tags: Aggiungi Tag
Nessun Tag, puoi essere il primo ad aggiungerne!!

MARC

LEADER 00000nbm a2200000 4500
001 0233752
005 20180115154000.4
041 0 |a slo 
044 |a SK 
245 1 0 |a Fundamentálna analýza menového páru EURUSD z pohľadu menovej politiky  |b bakalárska práca  |c Daniel Lukovič ; školiteľ: Mária Širaňová 
264 1 |a Bratislava  |c 2017 
300 |a 55 s. 
100 1 |a Lukovič, Daniel 
700 1 |a Širaňová, Mária 
710 2 |a Národohospodárska fakulta EU. Katedra bankovníctva a medzinárodných financií